Ricardo Jiménez Oreamuno y una olvidada tradición de reforma electoral en Costa Rica /
Guardado en:
| Autor principal: | |
|---|---|
| Formato: | Desconocido |
| Lenguaje: | Spanish |
| Materias: | |
| Etiquetas: |
Agregar Etiqueta
Sin Etiquetas, Sea el primero en etiquetar este registro!
|
MARC
| LEADER | 000000000a22000000004500 | ||
|---|---|---|---|
| 001 | 010843 | ||
| 041 | 0 | |a spa | |
| 100 | 1 | |a Molina Jiménez, Iván, |d 1961- | |
| 245 | 1 | 0 | |a Ricardo Jiménez Oreamuno y una olvidada tradición de reforma electoral en Costa Rica / |c Iván Molina Jiménez. |
| 650 | 4 | |a COSTA RICA | |
| 650 | 4 | |a HISTORIA | |
| 650 | 4 | |a REFORMA ELECTORAL | |
| 650 | 4 | |a JIMENEZ OREAMUNO, RICARDO, PRES. COSTA RICA, 1859-1945 | |
| 773 | 0 | |d Colombia : Pontificia Universidad Javeriana. Facultad de Ciencias Sociales. Departamento de Historia y Geografía |t Memoria y sociedad: Revista de Historia |g volumen 2, número 23 (2007), páginas 43-56 | |
| 942 | |c ARC | ||
| 999 | |c 17513 |d 17513 | ||
